Total Drama Next Generation: Starlight Savanna Quiz - Statistics

General Stats
  • This quiz has been taken 74 times
  • The average score is 17 of 20
Answer Stats
Character Eliminated % Correct
Angela 20th
88%
Megan 2nd
88%
Octavio 16th
88%
China 3rd
87%
Danny 1st
87%
Greg 4th
87%
Jake 19th
87%
Wendelle 17th
87%
Fran 15th
85%
Georgia 11th
85%
Ron 12th
85%
Jackie 10th
83%
Casey 5th
81%
Cosmo 14th
81%
Violet 9th
81%
Xavier 18th
81%
Aubrey 6th
79%
Landovan 13th
79%
Brendan 7th
77%
Vince 8th
77%
No matching quizzes found
Score Distribution
Percent of People with Each Score
Percentile by Number Answered
Your Score History
You have not taken this quiz